Existence of a homoclinic orbit in a generalized Liénard type system
The object of this paper is to study the existence and nonexistence of an important orbit in a generalized Liénard type system. This trajectory is doubly asymptotic to an equilibrium solution, i.e., an orbit which lies in the intersection of the stable and unstable manifolds of a critical point. Suc...
Elmentve itt :
| Szerzők: | |
|---|---|
| Dokumentumtípus: | Folyóirat |
| Megjelent: |
2021
|
| Sorozat: | Electronic journal of qualitative theory of differential equations
|
| Kulcsszavak: | Liénard rendszer, Dinamikus rendszer |
| doi: | 10.14232/ejqtde.2021.1.34 |
| Online Access: | http://acta.bibl.u-szeged.hu/73686 |
| LEADER | 01181nas a2200229 i 4500 | ||
|---|---|---|---|
| 001 | acta73686 | ||
| 005 | 20211108135027.0 | ||
| 008 | 211108s2021 hu o 0|| eng d | ||
| 022 | |a 1417-3875 | ||
| 024 | 7 | |a 10.14232/ejqtde.2021.1.34 |2 doi | |
| 040 | |a SZTE Egyetemi Kiadványok Repozitórium |b hun | ||
| 041 | |a eng | ||
| 100 | 2 | |a Kasbi Gharahasanlou Tohid | |
| 245 | 1 | 0 | |a Existence of a homoclinic orbit in a generalized Liénard type system |h [elektronikus dokumentum] / |c Kasbi Gharahasanlou Tohid |
| 260 | |c 2021 | ||
| 300 | |a 13 | ||
| 490 | 0 | |a Electronic journal of qualitative theory of differential equations | |
| 520 | 3 | |a The object of this paper is to study the existence and nonexistence of an important orbit in a generalized Liénard type system. This trajectory is doubly asymptotic to an equilibrium solution, i.e., an orbit which lies in the intersection of the stable and unstable manifolds of a critical point. Such an orbit is called a homoclinic orbit. | |
| 695 | |a Liénard rendszer, Dinamikus rendszer | ||
| 700 | 0 | 1 | |a Roomi Vahid |e aut |
| 700 | 0 | 2 | |a Jodayree Akbarfam Aliasghar |e aut |
| 856 | 4 | 0 | |u http://acta.bibl.u-szeged.hu/73686/1/ejqtde_2021_034.pdf |z Dokumentum-elérés |